Los espacios de la muerte en Roma
Đã lưu trong:
| Tác giả chính: | |
|---|---|
| Định dạng: | Không biết |
| Được phát hành: |
Madrid, España:
Síntesis,
2021.
|
| Loạt: | Temas de Historia Antigua
|
| Những chủ đề: | |
| Các nhãn: |
Thêm thẻ
Không có thẻ, Là người đầu tiên thẻ bản ghi này!
|
MARC
| LEADER | 00000 a2200000 4500 | ||
|---|---|---|---|
| 003 | CL-VaPUC | ||
| 005 | 20230425082012.0 | ||
| 008 | 210422t2021 ||||| |||| 00| 0 eng d | ||
| 999 | |c 432834 |d 432832 | ||
| 020 | |a 9788413570501 | ||
| 040 | |c Pontificia Universidad Católica de Valparaíso | ||
| 082 | |a 306.90937 REQ 2021 | ||
| 100 | 1 | |a Requena Jiménez, Miguel |9 860657 | |
| 245 | 1 | 4 | |a Los espacios de la muerte en Roma |
| 260 | |a Madrid, España: |b Síntesis, |c 2021. | ||
| 300 | |a 365 páginas | ||
| 490 | |a Temas de Historia Antigua | ||
| 583 | |k GC |c 20210422 | ||
| 650 | 0 | |a Muerte |x Aspectos sociales |z Roma |9 265114 | |
| 650 | 0 | |a Muerte |x Ritos |z Roma |9 862986 | |
| 942 | |2 ddc |c BK | ||
| 952 | |0 0 |1 0 |2 ddc |4 0 |6 306_909370000000000_REQ_2021 |7 0 |8 A |9 578645 |a BIBHIS |b BIBHIS |d 2021-08-20 |e 36 |g 0.00 |i 5587913 |o 306.90937 REQ 2021 |p 5587913 |r 2025-01-20 |t 1 |v 0.00 |w 2021-08-20 |y BK |k HIS | ||